Automotive technology: (Record no. 63)

MARC details
000 -LEADER
fixed length control field 00585nam a22001937a 4500
005 - DATE AND TIME OF LATEST TRANSACTION
control field 20221018050814.0
008 - FIXED-LENGTH DATA ELEMENTS--GENERAL INFORMATION
fixed length control field 221018b |||||||| |||| 00| 0 eng d
020 ## - INTERNATIONAL STANDARD BOOK NUMBER
International Standard Book Number 978-1-133-61231-5
082 ## - DEWEY DECIMAL CLASSIFICATION NUMBER
Classification number 629.287 Er68 2015
100 ## - MAIN ENTRY--PERSONAL NAME
Personal name Erjavec, Jack
Relator term author
245 ## - TITLE STATEMENT
Title Automotive technology:
Remainder of title a systems approach /
Statement of responsibility, etc. Jack Erjavec, Rob Thompson
250 ## - EDITION STATEMENT
Edition statement 6th ed.
260 ## - PUBLICATION, DISTRIBUTION, ETC.
Place of publication, distribution, etc. Clifton Park, NY:
Name of publisher, distributor, etc. Delmar,
Date of publication, distribution, etc. c2015.
300 ## - PHYSICAL DESCRIPTION
Extent xvi, 1712p.:
Other physical details col. ill.
500 ## - GENERAL NOTE
General note Includes index
541 ## - IMMEDIATE SOURCE OF ACQUISITION NOTE
Accession number 5467
650 ## - SUBJECT ADDED ENTRY--TOPICAL TERM
Topical term or geographic name entry element Automobiles - Maintenance and repair
700 ## - ADDED ENTRY--PERSONAL NAME
Personal name Thompson, Rob
Relator term author
Holdings
Withdrawn status Lost status Source of classification or shelving scheme Damaged status Not for loan Home library Current library Date acquired Total Checkouts Full call number Barcode Date last seen Copy number Price effective from Koha item type
    Dewey Decimal Classification     ctu-moalboal ctu-moalboal 10/15/2018   629.287 Er68 2015 5467 10/18/2022 1 10/18/2022 Books-Reference